Landlocked Commonwealth Countries - Statistics

General Stats
  • This quiz has been taken 12 times
  • The average score is 6 of 7
Answer Stats
Country % Correct
Malawi
91%
Rwanda
91%
Uganda
91%
Zambia
91%
Lesotho
82%
Botswana
73%
Eswatini
73%
No matching quizzes found
Score Distribution
Percent of People with Each Score
Percentile by Number Answered
Your Score History
You have not taken this quiz